LEADER 04389nam 2200877 450 001 9910788824403321 005 20230803200345.0 010 $a3-11-036187-6 010 $a3-11-039474-X 024 7 $a10.1515/9783110361872 035 $a(CKB)3360000000515256 035 $a(EBL)1787106 035 $a(SSID)ssj0001402012 035 $a(PQKBManifestationID)11890664 035 $a(PQKBTitleCode)TC0001402012 035 $a(PQKBWorkID)11351952 035 $a(PQKB)11596301 035 $a(MiAaPQ)EBC1787106 035 $a(DE-B1597)426556 035 $a(OCoLC)1013957489 035 $a(OCoLC)1029812177 035 $a(OCoLC)1032680111 035 $a(OCoLC)1037978865 035 $a(OCoLC)1042025852 035 $a(OCoLC)1043660301 035 $a(OCoLC)893606003 035 $a(DE-B1597)9783110361872 035 $a(Au-PeEL)EBL1787106 035 $a(CaPaEBR)ebr11013856 035 $a(CaONFJC)MIL807845 035 $a(OCoLC)898769719 035 $a(EXLCZ)993360000000515256 100 $a20150210h20142014 uy 0 101 0 $aeng 135 $aur|nu---|u||u 181 $ctxt 182 $cc 183 $acr 200 00$aFrequency, forms and functions of cleft constructions in Romance and Germanic $econtrastive, corpus-based studies /$fedited by Anna-Maria De Cesare 210 1$aBerlin, [Germany] :$cDe Gruyter Mouton,$d2014. 210 4$d©2014 215 $a1 online resource (426 p.) 225 1 $aTrends in Linguistics Studies and Monographs,$x1861-4302 ;$vVolume 281 300 $aDescription based upon print version of record. 311 $a3-11-036107-8 320 $aIncludes bibliographical references at the end of each chapters and index. 327 $tFront matter --$tTable of Contents --$tIntroduction /$rDe Cesare, Anna-Maria --$tPart I. Italian Cleft Constructions in a Contrastive Perspective --$tCleft constructions in a contrastive perspective /$rDe Cesare, Anna-Maria --$tForm and frequency of Italian Cleft constructions in a corpus of electronic news /$rDe Cesare, Anna-Maria / Garassino, Davide / Agar Marco, Rocío / Baranzini, Laura --$tCleft sentences. Italian-English in contrast /$rGarassino, Davide --$tPseudo-cleft sentences. Italian-French in contrast /$rBaranzini, Laura --$tPseudo-cleft sentences. Italian-Spanish in contrast /$rAgar Marco, Rocío --$tCleft sentences. Italian-Danish in contrast /$rKorzen, Iørn --$tCleft sentences. A translation perspective on Italian and French /$rBrianti, Giovanna --$tPart II. Romance and Germanic Cleft Constructions in Contrast --$tFrequency, form and function of Cleft constructions in the Swiss SMS corpus /$rStark, Elisabeth --$tInferential cleft constructions in translation /$rAtayan, Vahram / Wienen, Ursula --$tMotivating w(h)-Clefts in English and German: A hypothesis-driven parallel corpus study /$rGast, Volker / Levshina, Natalia --$tSubject index 330 $aThe volume describes the frequency, the forms and the functions of different cleft construction types across two language families: the Romance languages (with discussion of Italian, French and Spanish data) and the Germanic languages (with focus on English, German, Swiss German and Danish). 410 0$aTrends in linguistics.$pStudies and monographs ;$vVolume 281. 606 $aGrammar, Comparative and general$xClauses 606 $aRomance languages$xGrammar, Generative 606 $aGermanic languages$xGrammar, Generative 606 $aRomance languages$xSyntax 606 $aGermanic languages$xSyntax 606 $aFrequency (Linguistics) 606 $aGenerative grammar 610 $aCleft Constructions. 610 $aContrastive Linguistics. 610 $aGermanic Languages. 610 $aRomance Languages. 615 0$aGrammar, Comparative and general$xClauses. 615 0$aRomance languages$xGrammar, Generative. 615 0$aGermanic languages$xGrammar, Generative. 615 0$aRomance languages$xSyntax. 615 0$aGermanic languages$xSyntax. 615 0$aFrequency (Linguistics) 615 0$aGenerative grammar. 676 $a415 702 $aDe Cesare$b Anna-Maria 801 0$bMiAaPQ 801 1$bMiAaPQ 801 2$bMiAaPQ 906 $aBOOK 912 $a9910788824403321 996 $aFrequency, forms and functions of cleft constructions in Romance and Germanic$93764901 997 $aUNINA LEADER 05654oam 2201045 c 450 001 9910265131703321 005 20260302090207.0 010 $a9783839437858 010 $a3839437857 024 7 $a10.14361/9783839437858 035 $a(CKB)3710000001092029 035 $a(MiAaPQ)EBC4863435 035 $a(DE-B1597)479947 035 $a(OCoLC)1002222676 035 $a(OCoLC)1004868503 035 $a(OCoLC)1011439787 035 $a(OCoLC)1013950563 035 $a(OCoLC)979643553 035 $a(OCoLC)999362528 035 $a(DE-B1597)9783839437858 035 $a(MiAaPQ)EBC6695116 035 $a(Au-PeEL)EBL6695116 035 $a(ScCtBLL)3b22a7af-48f6-458b-ba7b-40723e371b64 035 $a(transcript Verlag)9783839437858 035 $a(oapen)https://directory.doabooks.org/handle/20.500.12854/38824 035 $a(Perlego)1461830 035 $a(EXLCZ)993710000001092029 100 $a20260302d2017 uy 0 101 0 $ager 135 $aurcnu|||||||| 181 $2rdacontent 182 $2rdamedia 183 $2rdacarrier 200 10$aGlobalisierung im Zwiespalt$eDie postglobale Misere und Wege, sie zu bewältigen$fJürgen Turek 205 $a1st ed. 210 $aBielefeld$ctranscript Verlag$d2017 215 $a1 online resource (560 pages) $cillustrations 225 0 $aGlobal Studies 300 $aGlobalization has shaped the world for several decades now ? politically, economically and socially. This has changed a lot of situations considerably ? in positive as well as in negative ways. The result is ambivalence and a post-global plight that need to be overcome. Jürgen Turek`s comprehensive analysis examines the reasons of the destabilization of civilizing conditions between the poles of economic dynamics, socio-cultural turmoil and political instability. His complex inventory provides orientation and suggests concrete political solutions. 311 08$a9783837637854 311 08$a3837637859 320 $aIncludes bibliographical references and index. 327 $aFrontmatter 1 Inhalt 5 Prolog 9 I. Das Paradigma der Zukunft: Die Omnipotenz der Globalisierung 35 II. Baustellen globaler Ordnungspolitik 69 III. Die Gier und eine fragile Finanzarchitektur 125 IV. Corpus Mundi: Die technologische Verko?rperung der Globalita?t 157 V. Neue Navigation 225 VI. Andere Fundamentale des Lebens 291 VII. Risse im Neuen 333 VIII. Das intellektuelle Koordinatensystem der dritten Globalisierung 361 IX. Der Standort: Dynamik fu?r Deutschland 373 X. Die Referenz: Europa 395 XI. Der Rahmen: Statik und Architektur einer globalen Ordnungspolitik 447 XII. Bilanz und Perspektiven 493 Literatur 515 Sachregister 541 Personenregister 547 Abku?rzungsverzeichnis 553 330 $aSeit mehreren Jahrzehnten prägt Globalisierung die Welt ? politisch, wirtschaftlich und sozial. Dies veränderte viele Lebenssachverhalte erheblich, sowohl im Positiven wie im Negativen. Im Ergebnis entstanden Zwiespältigkeit und eine postglobale Misere, die es zu bewältigen gilt.Jürgen Tureks umfangreiche Analyse geht den Gründen für die Destabilisierung der zivilisatorischen Verhältnisse im Spannungsfeld wirtschaftlicher Dynamik, sozial-kultureller Aufregung und politischer Unsicherheit nach. Seine differenzierte Bestandsaufnahme verschafft Orientierung und schlägt konkrete politische Lösungsstrategien vor. 330 1 $aBesprochen in:www.sueddeutsche.de, 10.04.2017, Johan SchloemannUmweltBriefe, 5 (2017)C3 - Bibliothek für Entwicklungspolitik, 5 (2017) 330 1 $a»Die thematische Vielfalt ist [...] faszinierend, wobei die kleinteilige Textstruktur mit vielen Überschriften den Leser*innen das Auffinden von Themen und Informationen erleichtert, an denen das Buch reich ist.« 330 1 $a»Turek bietet eine Vielzahl von Befunden und Prognosen. [...] Die auch als Nachschlagwerk dienende Studie ist [...] lesenswert.Sehr aufschlussreich und lesenswert.« 410 0$aGlobal studies (Bielefeld, Germany) 517 2 $aTurek, Globalisierung im Zwiespalt$eDie postglobale Misere und Wege, sie zu bewältigen 606 $aGlobalisierung 606 $aGlobalization 606 $aOrientierung 606 $aOrientation 606 $aDeutschland 606 $aGermany 606 $aEuropäische Integration 606 $aEuropean Integration 606 $aGlobale Regierungsfähigkeit 606 $aGlobal Governance 606 $aPolitics 606 $aPolitik 606 $aInternational Relations 606 $aPolitical Science 606 $aInternationale Politik 606 $aPolitikwissenschaft 615 4$aGlobalisierung 615 4$aGlobalization 615 4$aOrientierung 615 4$aOrientation 615 4$aDeutschland 615 4$aGermany 615 4$aEuropäische Integration 615 4$aEuropean Integration 615 4$aGlobale Regierungsfähigkeit 615 4$aGlobal Governance 615 4$aPolitics 615 4$aPolitik 615 4$aInternational Relations 615 4$aPolitical Science 615 4$aInternationale Politik 615 4$aPolitikwissenschaft 676 $a303.482 686 $aMK 4050$2rvk 700 $aTurek$b Jürgen$p
Jürgen Turek, Centrum für angewandte Politikforschung (C.A.P), Ludwigs-Maximilians-Universität München und Turek Consulting und C.A.P.-Fellow, München, Deutschland
$4aut$0868167 801 0$bDE-B1597 801 1$bDE-B1597 906 $aBOOK 912 $a9910265131703321 996 $aGlobalisierung im Zwiespalt$91938045 997 $aUNINA